书目信息 |
| 题名: |
清宫档案话玉器
|
|
| 作者: | 李宏为 著 | |
| 分册: | ||
| 出版信息: | 武汉 华中科技大学出版社 2019 |
|
| 页数: | 20,378页 | |
| 开本: | 24cm | |
| 丛书名: | ||
| 单 册: | ||
| 中图分类: | K876.84 | |
| 科图分类: | ||
| 主题词: | 宫廷--古玉器--研究--中国--清代 | |
| 电子资源: | ||
| ISBN: | 978-7-5680-5615-1 | |
| 000 | 00895nam0 2200217 450 | |
| 001 | 2332196624 | |
| 005 | 20230926085651.37 | |
| 010 | @a978-7-5680-5615-1@dCNY65.00 | |
| 100 | @a20191101d2019 em y0chiy50 ea | |
| 101 | 0 | @achi |
| 102 | @aCN@b420000 | |
| 105 | @aa z 000yy | |
| 200 | 1 | @a清宫档案话玉器@Aqing gong dang an hua yu qi@f李宏为著 |
| 210 | @a武汉@c华中科技大学出版社@d2019 | |
| 215 | @a20,378页@c彩图@d24cm | |
| 330 | @a本书以第一历史档案馆馆藏清代乾隆朝宫廷造办处档案为主要文献资料,详实记录了清代乾隆朝宫廷制玉机构、制玉工作、制玉流程、玉器种类,以及乾隆皇帝玩玉赏玉等内容,客观讲述了用“玉德”治理国家、清廉吏治、体恤民情、和谐边疆等思想,是迄今为止唯一一部完整、详细、全面记录清代乾隆朝宫廷玉器的图书。 | |
| 606 | 0 | @a宫廷@x古玉器@x研究@y中国@z清代 |
| 690 | @aK876.84@v5 | |
| 701 | 0 | @a李宏为@Ali hong wei@4著 |
| 801 | 0 | @aCN@b安徽时代@c20230923 |
| 905 | @aBZT@dK876.84@e4 | |
| 清宫档案话玉器/李宏为著.-武汉:华中科技大学出版社,2019 |
| 20,378页:彩图;24cm |
| ISBN 978-7-5680-5615-1:CNY65.00 |
| 本书以第一历史档案馆馆藏清代乾隆朝宫廷造办处档案为主要文献资料,详实记录了清代乾隆朝宫廷制玉机构、制玉工作、制玉流程、玉器种类,以及乾隆皇帝玩玉赏玉等内容,客观讲述了用“玉德”治理国家、清廉吏治、体恤民情、和谐边疆等思想,是迄今为止唯一一部完整、详细、全面记录清代乾隆朝宫廷玉器的图书。 |
| ● |
| 相关链接 |
|
|
|
正题名:清宫档案话玉器
索取号:K876.84/4
 
预约/预借
| 序号 | 登录号 | 条形码 | 馆藏地/架位号 | 状态 | 备注 |
| 1 | 2000936257 | 2000936257 | 第四书库/四30架B面6层6列/ [索取号:K876.84/4] | 在馆 | |
| 2 | 2000936258 | 2000936258 | 第四书库/四30架B面6层6列/ [索取号:K876.84/4] | 在馆 | |
| 3 | 2000936259 | 2000936259 | 第四书库/四30架B面6层6列/ [索取号:K876.84/4] | 在馆 | |
| 4 | 2000936260 | 2000936260 | 第四书库/四30架B面6层6列/ [索取号:K876.84/4] | 在馆 | |
| 5 | 2000936261 | 2000936261 | 第四书库/四30架B面6层6列/ [索取号:K876.84/4] | 在馆 | |
| 6 | 2000936262 | 2000936262 | 第四书库/四30架B面6层6列/ [索取号:K876.84/4] | 在馆 |